000 01960nam a2200385 c 4500
999 _c102835
_d102835
003 BLK
005 20250730150656.0
008 180409b bul|||||r ||||||| ||bul||
010 _aKNG00107906000
020 _a954-90698-4-2
040 _aBLK
041 _aBUL
_cBUL
080 _aТрудово законодателство. Работническо законодателство. Социално законодателство
_b351.83
_x:368(497.2)(094.9.072)
_z351.83:368(497.2)(094.9.072)
100 1 _aПеткова, Аспасия Методиева
_9109076
139 _aНовият кодекс за социално осигуряване
_bН 86
245 1 0 _aНовият кодекс за социално осигуряване - наръчник за прилагане
_cАспасия Методиева Петкова.
257 _aBGR
260 _bАИИ
_c2003
_fСофия : РИК Славяни ООД
300 _a360 с.
_bс табл.
_c21 см
380 _a3
500 _aДруги авт. : Вержиния Заркова, Румяна Станчева, Маргарита Димитрова, Албена Иванова, Данка Петрова Шопова, Анастас Петров, Татяна Битунска, Бисер Райнов. - Офс. изд. - Съдържа и Кодекс за социално осигуряване
650 4 _aОбществено осигуряване - България - правни проблеми
_9247509
653 _aобществено осигуряване
653 _aсоциално осигуряване
653 7 _aБългария
_9182576
653 7 _aправни проблеми
_9194317
852 _aЦб 216061
856 4 _qpdf
856 4 _qpdf
942 _cKNG
_n0
_02
944 _aCR
_c17.09.2003
_k30576
_lЦветомила Тодорова
944 _aED
_c30.01.2013
999 _d102835
999 _d102835